| 000 | 00890cam a22003017a 4500 | ||
|---|---|---|---|
| 003 | CHAP | ||
| 005 | 20220329141743.0 | ||
| 008 | 971013s1975 sp a r 00010 spa d | ||
| 010 | _a73364 | ||
| 011 | _a74336 | ||
| 035 | _a83895 | ||
| 040 | _cCHAP | ||
| 082 | 0 | 4 |
_a635.8 _bG3 |
| 100 | 0 | 0 |
_aGarcía Rollán, Mariano. _946546 |
| 245 | 1 | 0 | _aManual para buscar setas |
| 260 |
_aMadrid : _bMinisterio de Agricultura, _c1975 |
||
| 300 |
_a348 p. _b: il. |
||
| 590 |
_aBATCH-UPD _b10 _c20130110 _lUCH01 _h1112 |
||
| 590 |
_aBATCH-UPD _b10 _c20130410 _lUCH01 _h0703 |
||
| 590 |
_aBATCH-UPD _b10 _c20130914 _lUCH01 _h1620 |
||
| 590 |
_aCONVERSION _b10 _c20130109 _lUCH01 _h1340 |
||
| 650 | 0 | 4 |
_aHongos comestibles. _956124 |
| 650 | 0 | 4 |
_aHongos _xIdentificación. _956105 |
| 650 | 1 | 4 |
_aSetas. _9105368 |
| 901 | _aBK | ||
| 942 | _cLIBRO | ||
| 949 |
_a635.8 G3 _bBC _cLIBRO _d-38869 _eLIBRO _h47097 _i83895 _si |
||
| 999 |
_c73364 _d73364 |
||